| 000 | 00448nam a22001697a 4500 | ||
|---|---|---|---|
| 003 | BD-ChCU | ||
| 005 | 20251113102111.0 | ||
| 008 | 251113b bg ||||| |||| 00| 0 ben d | ||
| 040 | _cBD-ChCU | ||
| 082 | _a320.92 ADSM | ||
| 100 |
_aSmith , Page. _916093 |
||
| 245 |
_aJohn Adams, Volume 1, (1735-1784)./ _cPage , Smith, |
||
| 260 |
_aNew York : _bDoubleday , _cC 1962. |
||
| 300 | _aV.1. | ||
| 650 | 0 |
_aAdams , John _916095 |
|
| 942 |
_2ddc _cBK _n0 |
||
| 999 |
_c109412 _d109412 |
||